00254 a2200109 4500001000700000040003500007100001900042240003500061245003000096362000900126440000900135150813 cEscola São Tomás de Aquino aKUPTAS, Marcia10aA pedra mágica do tempolpor10aA pedra mágica do tempo0 a2007 1aFTD